Every Best Supporting Actor Oscar nominee since 1990 - Statistics

General Stats
  • This quiz has been taken 31 times
  • The average score is 69 of 180
Answer Stats
Hint Answer % Correct
2000 | 2003 | 2025 Benicio del Toro
88%
1990 | 2019 Joe Pesci
88%
2004 Morgan Freeman
88%
2012 | 2023 Robert De Niro
88%
1990 | 1992 | 2019 Al Pacino
75%
2013 Bradley Cooper
75%
2002 Chris Cooper
75%
2008 Heath Ledger
75%
1992 Jack Nicholson
75%
2024 Kieran Culkin
75%
1993 Leonardo DiCaprio
75%
2010 | 2014 | 2015 | 2023 Mark Ruffalo
75%
2008 | 2023 Robert Downey, Jr.
75%
1997 Robin Williams
75%
1994 Samuel L. Jackson
75%
2025 Sean Penn
75%
1995 | 2019 Brad Pitt
63%
2007 Casey Affleck
63%
2010 | 2015 Christian Bale
63%
2006 Eddie Murphy
63%
1996 | 2014 | 2024 Edward Norton
63%
1992 Gene Hackman
63%
2007 Javier Bardem
63%
2000 | 2016 Jeff Bridges
63%
2000 Joaquin Phoenix
63%
1995 Kevin Spacey
63%
2016 | 2018 Mahershala Ali
63%
2009 Matt Damon
63%
1999 Michael Caine
63%
2007 | 2008 | 2012 Philip Seymour Hoffman
63%
1991 | 1993 | 2012 Tommy Lee Jones
63%
2000 | 2017 Willem Dafoe
63%
2006 | 2012 Alan Arkin
50%
2003 Alec Baldwin
50%
2020 Daniel Kaluuya
50%
1995 | 1998 | 2002 Ed Harris
50%
2005 George Clooney
50%
2025 Jacob Elordi
50%
2005 Jake Gyllenhaal
50%
2004 Jamie Foxx
50%
2021 Jesse Plemons
50%
2014 | 2021 J.K. Simmons
50%
2006 Mark Wahlberg
50%
2005 Paul Giamatti
50%
2018 Richard E. Grant
50%
2025 Stellan Skarsgård
50%
2003 Tim Robbins
50%
1999 Tom Cruise
50%
2019 Tom Hanks
50%
2018 Adam Driver
38%
2022 Barry Keoghan
38%
2022 Brendan Gleeson
38%
2009 | 2011 | 2017 Christopher Plummer
38%
2009 | 2012 Christoph Waltz
38%
2001 | 2014 Ethan Hawke
38%
1998 | 2010 Geoffrey Rush
38%
2013 Jared Leto
38%
2010 Jeremy Renner
38%
2024 Jeremy Strong
38%
1999 Jude Law
38%
2022 Ke Huy Quan
38%
2005 Matt Dillon
38%
2002 Paul Newman
38%
1993 Ralph Fiennes
38%
2017 | 2018 Sam Rockwell
38%
2009 Stanley Tucci
38%
2004 Thomas Haden Church
38%
2009 | 2017 Woody Harrelson
38%
2000 Albert Finney
25%
1990 Andy García
25%
1997 | 2019 Anthony Hopkins
25%
1998 Billy Bob Thornton
25%
2002 Christopher Walken
25%
2025 Delroy Lindo
25%
1994 Gary Sinise
25%
1990 Graham Greene
25%
1991 Harvey Keitel
25%
2001 Ian McKellen
25%
1998 James Coburn
25%
1996 James Woods
25%
2001 Jim Broadbent
25%
2002 John C. Reilly
25%
1993 John Malkovich
25%
2008 Josh Brolin
25%
2022 Judd Hirsch
25%
2015 Mark Rylance
25%
1999 Michael Clarke Duncan
25%
2011 Nick Nolte
25%
1998 | 2014 Robert Duvall
25%
2023 Ryan Gosling
25%
2023 Sterling K. Brown
25%
1995 Tim Roth
25%
2007 Tom Wilkinson
25%
1996 William H. Macy
25%
2024 Yura Borisov
25%
2004 Alan Alda
13%
1991 | 2001 Ben Kingsley
13%
2022 Brian Tyree Henry
13%
1990 Bruce Davison
13%
2021 Ciarán Hinds
13%
2004 Clive Owen
13%
1996 Cuba Gooding, Jr.
13%
1992 David Paymer
13%
1997 Greg Kinnear
13%
2024 Guy Pearce
13%
1999 Haley Joel Osment
13%
2007 Hal Holbrook
13%
1991 Jack Palance
13%
1995 James Cromwell
13%
1992 Jaye Davidson
13%
2010 John Hawkes
13%
2001 Jon Voight
13%
2021 Kodi Smit-McPhee
13%
2020 LaKeith Stanfield
13%
1994 Martin Landau
13%
2013 Michael Fassbender
13%
2008 | 2016 Michael Shannon
13%
2020 Paul Raci
13%
1993 Pete Postlethwaite
13%
2017 Richard Jenkins
13%
2020 Sacha Baron Cohen
13%
2015 Tom Hardy
13%
2021 Troy Kotsur
13%
2005 William Hurt
13%
1996 Armin Mueller-Stahl
0%
2013 Barkhad Abdi
0%
1997 Burt Reynolds
0%
1994 Chazz Palminteri
0%
2016 Dev Patel
0%
2003 | 2006 Djimon Hounsou
0%
2006 Jackie Earle Haley
0%
2011 | 2013 Jonah Hill
0%
2011 Kenneth Branagh
0%
2003 Ken Watanabe
0%
2020 Leslie Odom Jr.
0%
2016 Lucas Hedges
0%
2011 Max von Sydow
0%
1991 Michael Lerner
0%
1994 Paul Scofield
0%
1997 Robert Forster
0%
2018 Sam Elliott
0%
2015 Sylvester Stallone
0%
No matching quizzes found
Score Distribution
Percent of People with Each Score
Percentile by Number Answered
Your Score History
You have not taken this quiz